00729nam a22002177a 4500003000900000005001700009008004100026040003300067041000800100080001000108100002500118245011200143260004900255300002700304490001100331650011100342650002500453650001100478650000900489650001300498LK-CoDNM20241219084018.0241218b |||||||| |||| 00| 0 eng d aLK-CoDNMdLK-CoDNMeLK-CoDNM aeng a2bC6 aClark,Austin Hobart  aA New Genus and species Of Multibrachiate Opehiuran Of the Family Gorgonocephalidae from the caribbean sea  agoverment printing officebwashington c1918 a3p. : 96 ill ; 24 cm aVol 54 aA New Genus and species Of Multibrachiate Opehiuran Of the Family Gorgonocephalidae from the caribbean sea aClark,Austin Hobart  a2 c 6  a1918 ascience